|
|
|
|
| LEADER |
03064nam a22003973i 4500 |
| 001 |
EBC5525630 |
| 003 |
MiAaPQ |
| 005 |
20231204023214.0 |
| 006 |
m o d | |
| 007 |
cr cnu|||||||| |
| 008 |
231204s2017 xx o ||||0 ita d |
| 020 |
|
|
|a 9783110568509
|q (electronic bk.)
|
| 020 |
|
|
|z 9783110565317
|
| 035 |
|
|
|a (MiAaPQ)EBC5525630
|
| 035 |
|
|
|a (Au-PeEL)EBL5525630
|
| 035 |
|
|
|a (OCoLC)1083584720
|
| 040 |
|
|
|a MiAaPQ
|b eng
|e rda
|e pn
|c MiAaPQ
|d MiAaPQ
|
| 100 |
1 |
|
|a Scappaticcio, Maria Chiara.
|
| 245 |
1 |
0 |
|a Fabellae :
|b Frammenti Di Favole Latine e Bilingui Latino-Greche Di Tradizione Diretta (III-IV D. C. ).
|
| 250 |
|
|
|a 1st ed.
|
| 264 |
|
1 |
|a Berlin/Boston :
|b Walter de Gruyter GmbH,
|c 2017.
|
| 264 |
|
4 |
|c ©2019.
|
| 300 |
|
|
|a 1 online resource (264 pages)
|
| 336 |
|
|
|a text
|b txt
|2 rdacontent
|
| 337 |
|
|
|a computer
|b c
|2 rdamedia
|
| 338 |
|
|
|a online resource
|b cr
|2 rdacarrier
|
| 490 |
1 |
|
|a Untersuchungen Zur Antiken Literatur und Geschichte Series ;
|v v.128
|
| 505 |
0 |
|
|a Intro -- Indice -- Prolegomena -- Praefatio - La Teoria -- Retori Fabellae: 'Esopo', i grammatici, i retori -- Capitolo I. Aesopi fabellae -- Capitolo II. La Favola Nelle Scuole: La Tradizione Dei Προγυμντ̔̈»Ε71;voaxa -- Corpus - La Pratica -- Insegnare latino con le favole -- Capitolo I. Insegnare il latino attraverso le favole: gli Hermeneumata Pseudodositheana -- Capitolo II. Favole latine e frammenti di tradizione diretta della Tarda Antichità -- Capitolo III. De cane: P.Oxy. XI 1404 -- Capitolo IV. De hirundine et ceteris avibus: P.Mich. VII 457 + P.Yale II 104 -- Capitolo V. De fele et gallo, de anicula et lupo, de vulpe ignifera: P.Amh. II 26 -- Capitolo VI. De tauro, de homine et leone: PSI VII 848 -- Epilogus - Prospettive -- Fabellae: nella scuola, per la scuola -- Capitolo I. Artes e animali: sondaggi dagli exempla della trattistica grammaticale -- Capitolo II. Le favole nelle scuole dei grammatici d'Oriente: papiri, hermeneumata, Babrio, Aviano -- Riferimenti bibliografici -- Indice dei passi citati -- Indice di iscrizioni, papiri e manoscritti citati.
|
| 520 |
|
|
|a The series consists of a variety of monographs from the fields of Classical Philology and Ancient History. While maintaining a broad thematic and methodological scope, the editors are especially keen on studies showing a thorough and critical engagement with the relevant literary texts and primary sources.
|
| 588 |
|
|
|a Description based on publisher supplied metadata and other sources.
|
| 590 |
|
|
|a Electronic reproduction. Ann Arbor, Michigan : ProQuest Ebook Central, 2023. Available via World Wide Web. Access may be limited to ProQuest Ebook Central affiliated libraries.
|
| 655 |
|
4 |
|a Electronic books.
|
| 776 |
0 |
8 |
|i Print version:
|a Scappaticcio, Maria Chiara
|t Fabellae
|d Berlin/Boston : Walter de Gruyter GmbH,c2017
|z 9783110565317
|
| 797 |
2 |
|
|a ProQuest (Firm)
|
| 830 |
|
0 |
|a Untersuchungen Zur Antiken Literatur und Geschichte Series
|
| 856 |
4 |
0 |
|u https://ebookcentral.proquest.com/lib/matrademy/detail.action?docID=5525630
|z Click to View
|